000 00938nam a22002897a 4500
001 8628
003 FISKH
005 20251009162155.0
008 251007b cb ||||| |||| 00| 0 eng d
020 _a0590252194
040 _aFISKH
_beng
_cFISKH
_dFISKH
050 _aPZ7 .W7633
082 _a813.5
100 _aWilder, Laura Ingalls
_eAuthor
245 _aWinter days in the big woods /
_cBy Laura Ingalls Wilder ; Illustrated by Renée Graef
260 _aNew York :
_bScholastic ,
_c1994
300 _a31 unnumbered pages :
_bcolor illustrations ;
_c24 cm
505 _aR
520 _aA little pioneer girl and her family spend the winter in their log cabin in the Big Woods of Wisconsin.
521 8 _a740
_bLexile
521 8 _aR
_bRaz-Plus
650 _aChildren's fiction
_vEarly reader
650 _aFamily
_vFamily life
700 _aGraef, Renée
_eIllustrator
942 _2ddc
_cBK
_n0
999 _c8628
_d8628